Global Cities: Past, Present and Future/ (Record no. 178330)

MARC details
000 -LEADER
fixed length control field 00626nam a22001817a 4500
005 - DATE AND TIME OF LATEST TRANSACTION
control field 20210324173133.0
010 ## - LCCN (DPL NO)
LC control number ENG-129297
020 ## - INTERNATIONAL STANDARD BOOK NUMBER
International Standard Book Number 978-93-5388-299-0
Terms of availability 1495.00
035 ## - SYSTEM CONTROL NUMBER
System control number EN-112829
037 ## - SOURCE OF ACQUISITION
Source of stock number/acquisition DBAD/PUB
082 ## - DEWEY DECIMAL CLASSIFICATION NUMBER
Classification number 307.76
100 ## - MAIN ENTRY--PERSONAL NAME
Personal name Zhenhua, Zhou
245 ## - TITLE STATEMENT
Title Global Cities: Past, Present and Future/
Statement of responsibility, etc Zhou Zhenhua
260 ## - PUBLICATION, DISTRIBUTION, ETC. (IMPRINT)
Place of publication, distribution, etc New Delhi
Name of publisher, distributor, etc Sage Publication India
Date of publication, distribution, etc 2020
270 ## - ADDRESS
Address B1/1-1 Mohan Cooperative Industrial Area Mathura Road
City New Delhi
Postal code 110044
300 ## - PHYSICAL DESCRIPTION
Extent x+424p.
Dimensions 23cm(hbk)
Other physical details Including illustrations and Bibliographical references.
942 ## - ADDED ENTRY ELEMENTS (KOHA)
Source of classification or shelving scheme Dewey Decimal Classification
Item type English Books
Classification part 307.76
Call number suffix ZHE
Holdings
Withdrawn status Lost status Not for loan Collection code Home library Current library Date acquired Source of acquisition Cost, normal purchase price Full call number Barcode Copy number Cost, replacement price Koha item type
      Non-fiction Shahdara Branch Shahdara Branch 24/03/2021 DBAD/PUB 1495.00 307.76 ZHE EN-112829 1 1495.00 English Books

© Delhi Public Library
Hit Counter
free hit counter